000 00701nam a2200217Ii 4500
003 JO-AjNU
008 230605s9999||||xx |||||||||||||| ||und||
017 _a2007/5/1271
040 _aJO-AjNU
_bara
_erda
_cJO-AjNU
041 _aara
050 1 4 _aHD58.6.S2598.2008
100 3 _aالسمرة،زياد توفيق,
_eauthor
_931088
245 0 0 _aفن التفاوض
250 _aط1
264 3 1 _aعمان:دار اسامة للنشر والتوزيع،2008
300 _a168ص
336 _atext
_btxt
_2rdacontent
337 _aunmediated
_bn
_2rdamedia
338 _avolume
_bnc
_2rdacarrier
650 4 _aادارة الاعمال-الادارة التنفيذية-المفاوضات
_931089
999 _aA12397
_c15965
_d15965